Statistiques concernant Game of thrones- les personnages

Cliquez ici pour prendre le quiz!

Statistiques générales

  • Ce quiz a été pris 1 432 fois
  • Le résultat moyen est 33 sur 53

Statistiques - réponses

HintRéponse% Correct
StarkArya
96%
SnowJon
96%
StarkSansa
96%
StarkBran
91%
StarkNed
91%
StarkRobb
91%
PERSONNAGESBaratheonRobert
91%
LannisterCersei
90%
LannisterTyrion
89%
TargaryenDaenerys
84%
GreyjoyTheon
84%
StarkRickon
83%
LannisterJaime
82%
StarkWinterfell
77%
BaratheonJoffrey
76%
LannisterTywin
74%
JonFantome
72%
DrogoKhal
72%
DaenerysDrogon
69%
BaratheonStannis
68%
TargaryenViserys
67%
MormontJorah
66%
Sorcière RougeMelisandre
65%
BaratheonTommen
65%
SansaLady
64%
L'araignéeVarys
64%
ANIMAUXAryaNymeria
61%
DaenerysViserion
61%
BranEte
60%
BaratheonMyrcella
57%
BaratheonRenly
57%
"Le Limier"Sandor Clegane
53%
GreyjoyYara
53%
BoltonRamsey
52%
TyrellMargaery
50%
TyrellOlenna
50%
BoltonRoose
50%
"Le chevalier oignon"Davos
49%
LannisterCastral Roc
48%
"La Montagne"Gregor Clegane
47%
"Little Finger"Petyr Baelish
46%
DaenerysRhaegal
43%
RickonBroussaille
42%
RobbVent Gris
42%
"Le chevalier des fleurs"Loras Tyrell
41%
GreyjoyBalon
40%
GreyjoyÎles de fer
40%
MartellDorne
38%
StarkCathelyn
29%
TargaryenAemon
27%
TullyVivesaigues
24%
FAMILLES/ LIEU DE REGNEBaratheonAccalmie
20%
ArrynLe Val
16%

Distribution des résultats

Percentile par nombre de réponses

% des personnes avec chaque résultat

Votre développement - résultats

Vous n’avez pas pris ce quiz